000 nam a22 7a 4500
999 _c7499
_d7499
008 170914b xxu||||| |||| 00| 0 eng d
100 _94025
_aJaisingh.S.
245 _aPractice Questions in Mathematics-VI
260 _aNew Delhi